Statistics for Top 5 US States By Category #2

Click here to take the quiz!

General Stats

  • This quiz has been taken 195 times
  • The average score is 24 of 29

Answer Stats

HintAnswer% Correct
Most VisitedCalifornia
100%
Most VisitedFlorida
99%
Most VisitedNew York
99%
Most TornadoesTexas
97%
Least DenseAlaska
91%
% of HispanicsNew Mexico
90%
Least DenseMontana
89%
Most TornadoesOklahoma
89%
% of HispanicsArizona
87%
DemocraticMassachusetts
87%
Most DenseNew Jersey
86%
Least DenseNorth Dakota
85%
RepublicanWyoming
85%
Most VisitedHawaii
84%
Most TornadoesKansas
84%
DemocraticRhode Island
81%
Least DenseSouth Dakota
81%
Most VisitedNevada
80%
Most DenseConnecticut
79%
DemocraticVermont
79%
Most DenseMaryland
78%
Most ForestOregon
77%
RepublicanAlabama
75%
Most TornadoesNebraska
75%
RepublicanIdaho
73%
Most ForestGeorgia
72%
RepublicanUtah
71%
Most ExecutionsVirginia
65%
Most ExecutionsMissouri
63%

Score Distribution

Percentile by Number Answered

Percent of People with Each Score

Your Score History

You have not taken this quiz